| 000 | 00417nam a2200145Ia 4500 | ||
|---|---|---|---|
| 008 | 231129s2010||||xx |||||||||||||| ||spa|| | ||
| 020 | _a978-958-45-2930-5 | ||
| 040 | _bspa | ||
| 082 | _aM863 T129d | ||
| 100 | _aTaibo II Paco Ignacio | ||
| 245 | 0 | _aDías de combate : una historia de Belascoarán Shayne | |
| 260 | _c2010 | ||
| 264 | _aVerticales de Bolsillo | ||
| 942 |
_2ddc _cBKS |
||
| 999 |
_c9238 _d9238 |
||